Figure skating element abbreviation - Statistics

General Stats
  • This quiz has been taken 111 times
  • The average score is 7 of 15
Answer Stats
abbreviation element % Correct
3A triple axel
99%
2Lz double lutz
98%
1Lo single loop
95%
4F quadruple flip
91%
CSp camel spin
64%
SSp sit spin
59%
StSq step sequence
55%
CoSp combination spin
36%
FSSp flying sit spin
33%
3LoTh throw triple loop
22%
StaLi stationary lift
19%
1TTh throw single toe loop
16%
STw sequential or synchronized twizzles
13%
FCSSp flying change foot sit spin
9%
FiDs forward inside death spiral
9%
No matching quizzes found
Score Distribution
Percent of People with Each Score
Percentile by Number Answered
Your Score History
You have not taken this quiz